| 000 | 00451nam a2200169Ia 4500 | ||
|---|---|---|---|
| 003 | GCL | ||
| 008 | 140319s9999 xx 000 0 eng d | ||
| 040 |
_aGCL / _cGCL |
||
| 082 | 0 | 4 |
_a001.424 _bT O |
| 100 | 1 | _aC, ALBERT, H. | |
| 245 | 1 | 0 |
_aOPERATIONS RESEARCH, AN INTRODUCTION / _cC, ALBERT, H. |
| 260 |
_a[S.N] : _bMACMILLAN PUBLISHING COMPANY ، _c1989 |
||
| 300 | _a876 P | ||
| 650 | 0 | 4 | _aRESEARCH |
| 650 | 0 | 4 | _aRESEARCH METHODS |
| 942 |
_2ddc _cBK |
||
| 999 |
_c19851 _d19851 |
||